Visualizzazione normale
Vista MARC
- "Tit. orig.:The dictionary of philosophy Contenuto . - Vol. I. A-K - Vol. II. L-Z 1. - Filosofia , Enciclopedie e dizionari I - Devizzi Aldo 103 BNI 73-4434"
di Personal Name
Records bibliografici associati: 1
001 - CONTROL NUMBER
- control field: 34565
003 - CONTROL NUMBER IDENTIFIER
- control field: IT-RoPau
005 - DATE AND TIME OF LATEST TRANSACTION
- control field: 20150523181917.0
008 - FIXED-LENGTH DATA ELEMENTS
- fixed length control field: 150523|| aca||aabn | a|a d
040 ## - CATALOGING SOURCE
- Original cataloging agency: IT-RoPau
- Transcribing agency: IT-RoPau
100 ## - HEADING--PERSONAL NAME
- Personal name: "Tit. orig.:The dictionary of philosophy Contenuto . - Vol. I. A-K - Vol. II. L-Z 1. - Filosofia , Enciclopedie e dizionari I - Devizzi Aldo 103 BNI 73-4434"
670 ## - SOURCE DATA FOUND
- Source citation: Work cat.: (IT-RoPau)13633: Dagobert David Runes 34564, Dizionario di filosofia. Tradotto e integrato da Aldo Devizzi. Prefazione di Uberto Scarpelli...